Statistieken voor Grootste steden in Duitsland

Klik hier om de quiz te nemen!

Algemene statistieken

  • Deze quiz is 330 keer genomen
  • De gemiddelde score is 11 van 20

Antwoordstatistieken

BevolkingStad% Correct
3,644,826Berlijn
100%
1,471,508Munchen
98%
1,841,179Hamburg
96%
753,056Frankfurt
87%
1,085,664Keulen
82%
619,294Düsseldorf
75%
587,010Dortmund
74%
569,352Bremen
72%
634,830Stuttgart
70%
587,857Leipzig
66%
554,649Dresden
63%
327,258Bonn
51%
583,109Essen
50%
498,590Duisburg
37%
538,068Hanover
32%
314,319Münster
23%
333,786Bielefeld
22%
354,382Wuppertal
19%
364,628Bochum
15%
518,365Nuremberg
14%

Scoreverdeling

Percentiel versus Aantal Correcte Antwoorden

Procent van Mensen met Elke Score

Uw Scoregeschiedenis

U heeft deze quiz nog niet genomen